<?xml version="1.0" encoding="UTF-8"?>
<record
    xmlns:xsi="http://www.w3.org/2001/XMLSchema-instance"
    xsi:schemaLocation="http://www.loc.gov/MARC21/slim http://www.loc.gov/standards/marcxml/schema/MARC21slim.xsd"
    xmlns="http://www.loc.gov/MARC21/slim">

  <leader>00647    a2200157   4500</leader>
  <controlfield tag="003">NUST</controlfield>
  <controlfield tag="005">20230222123445.0</controlfield>
  <datafield tag="040" ind1=" " ind2=" ">
    <subfield code="c">Nust</subfield>
  </datafield>
  <datafield tag="082" ind1=" " ind2=" ">
    <subfield code="a">297.4,JAL</subfield>
  </datafield>
  <datafield tag="100" ind1=" " ind2=" ">
    <subfield code="a">Jalandhari, Dr Rasheed ahmed </subfield>
    <subfield code="9">109469</subfield>
  </datafield>
  <datafield tag="245" ind1=" " ind2=" ">
    <subfield code="a">Darul uloom deoband. bartanvi hind me musalmano ka nizam e taleem aik naqidana jaiza (Jild-1) / &#x628;&#x631;&#x637;&#x627;&#x646;&#x648;&#x6CC; &#x6C1;&#x646;&#x62F; &#x645;&#x6CC;&#x6BA; &#x645;&#x633;&#x644;&#x645;&#x627;&#x646;&#x648;&#x646; &#x6A9;&#x627; &#x646;&#x638;&#x627;&#x645; &#x62A;&#x639;&#x644;&#x6CC;&#x645; &#x627;&#x6CC;&#x6A9; &#x646;&#x627;&#x642;&#x62F;&#x627;&#x646;&#x6C1; &#x62C;&#x627; &#x6CC;&#x611;&#x632;&#x6C1; &#x62F;&#x627;&#x631;&#x627;&#x644;&#x639;&#x644;&#x648;&#x645; &#x62F;&#x6CC;&#x648;&#x628;&#x646;&#x62F; (Urdu) /</subfield>
    <subfield code="c">Dr Rasheed ahmed Jalandhari</subfield>
  </datafield>
  <datafield tag="260" ind1=" " ind2=" ">
    <subfield code="a">Islamabad</subfield>
    <subfield code="b">National Book Foundation</subfield>
    <subfield code="c">1989</subfield>
  </datafield>
  <datafield tag="300" ind1=" " ind2=" ">
    <subfield code="a">286 p.;</subfield>
  </datafield>
  <datafield tag="650" ind1=" " ind2=" ">
    <subfield code="a">Sufisam Urdu</subfield>
    <subfield code="9">109470</subfield>
  </datafield>
  <datafield tag="942" ind1=" " ind2=" ">
    <subfield code="2">ddc</subfield>
    <subfield code="c">BK</subfield>
    <subfield code="k">297.4,JAL</subfield>
  </datafield>
  <datafield tag="999" ind1=" " ind2=" ">
    <subfield code="c">187994</subfield>
    <subfield code="d">187994</subfield>
  </datafield>
  <datafield tag="952" ind1=" " ind2=" ">
    <subfield code="0">0</subfield>
    <subfield code="1">0</subfield>
    <subfield code="2">ddc</subfield>
    <subfield code="4">0</subfield>
    <subfield code="7">0</subfield>
    <subfield code="a">MCS</subfield>
    <subfield code="b">MCS</subfield>
    <subfield code="c">GEN</subfield>
    <subfield code="d">2016-12-12</subfield>
    <subfield code="o">297.4,JAL</subfield>
    <subfield code="p">MCS34126</subfield>
    <subfield code="r">2016-12-08</subfield>
    <subfield code="w">2016-12-12</subfield>
    <subfield code="y">BK</subfield>
    <subfield code="z">Almirah No.64, Shelf No.1</subfield>
  </datafield>
</record>
